| 000 | 00666 a2200241 4500 | ||
|---|---|---|---|
| 003 | NUST | ||
| 005 | 20220316194002.0 | ||
| 008 | 220316b ||||| |||| 00| 0 eng d | ||
| 020 | _a978-0-349-11586-3 | ||
| 022 | _2978-0-349-11586-3 | ||
| 038 | _aSAIF | ||
| 040 |
_aDLC _bDLC |
||
| 082 | 0 | 4 |
_a297.63 _bROG |
| 100 | 1 |
_aRogerson, Barnaby, _989306 |
|
| 245 | 1 | 4 |
_aThe prophet Muhammad : a biography _cBarnaby Rogerson |
| 260 |
_aLondon : _bLittle, Brown, _c2003 |
||
| 300 |
_axv, 240 s. : _bkart. ; _c22cm. |
||
| 563 | _aH.B | ||
| 600 | 0 | 7 |
_aMuhammed, _dd. 632 _989307 |
| 600 | 0 | 7 |
_aMuhammed, _dd. 632 _989307 |
| 655 | 4 |
_aBok _989308 |
|
| 942 |
_cBK _k297.63 ROG _2ddc |
||
| 999 |
_c588821 _d588821 |
||